000 00539nam a22001817a 4500
003 BD-ChCU
005 20251201090544.0
008 251201b bg ||||| |||| 00| 0 ben d
040 _cBD-ChCU
082 _a330.9 STI
100 _aStamp L. Dudley.
_917190
245 _aAn intermediate commercial geography pt. 2. Economic geography of the leading countries ./
_cL. Dudley , Stamp.
250 _a10th ed.
260 _aLondon :
_bLongmans ,
_cC 1963
300 _a584p
650 0 _aGeography commercial
_917191
942 _2ddc
_cBK
_n0
999 _c109981
_d109981